000 00468nam a2200169Ia 4500
005 20250423095927.0
008 250422s9999 xx 000 0 und d
020 _a9788121924894
050 _aPE 1112.3 .W74/
100 _awren & martin
245 0 _aKey to wren & martin’s regular & multicolour editions of high school english grammar & composition
260 _aNew Delhi
260 _bS.Chand & Company
260 _c2011
300 _a140 p
942 _cBK
999 _c31753
_d31753